000 00656nam a22002177a 4500
001 86757
003 UA-OsUOA
005 20211016104021.0
007 ta
008 20120911b un ||||| |||| 00| 0 ukr d
040 _aUA-OsUOA
_brus
_cUA-OsUOA
_dUA-OsUOA
041 _arus
080 _a94(47+57)
090 _a94(47+57)
_bИ90
245 _aИстория Москвы в годы Великой Отечественной войны и в послевоенный период 1941 - 1945 гг.
_cГудкова Н. С.
260 _aМ.
_bНаука
_c1967
300 _a566 с.
650 7 _a94 Історія
_2UDC
942 _cBK
_2udc
955 _a2
999 _c372894
_d372894